Malá galerie autorů Československého spisovatele

Saved in:
Bibliographic Details
Other Authors Pohorský, Miloš, 1929-2013 (wfw), Komárek, Vladimír, 1928-2002 (Illustrator), Opletal, Vladimír, 1931-2021 (Photographer)
Format Book
LanguageCzech
Published Praha : Československý spisovatel, 1989
Edition1. vyd.
Subjects
ISBN8020200606
Physical Description388 s. : obr., fot. ; 31 cm

Cover

LEADER 00000cam a2200000 4500
001 38790
003 CZ-ZlUTB
005 20260511125326.0
007 tu
008 890831s1989 xr aco g 000 0 cze
020 |a 8020200606  |q (Váz.) 
035 |a (OCoLC)21409953 
040 |a ABA001  |b cze  |d ABA001  |d ZLD002 
072 7 |a 82  |x Literatura. Literární život  |2 Konspekt  |9 11 
080 |a 82-051  |2 MRF 
080 |a (0:82-94)  |2 MRF 
080 |a 82-055.2  |2 MRF 
080 |a (437)  |2 MRF 
245 0 0 |a Malá galerie autorů Československého spisovatele /  |c [předml. Miloš Pohorský ; fot. Vladimír Opletal ; il. Vladimír Komárek ; typografie Oldřich Hlavsa] 
250 |a 1. vyd. 
260 |a Praha :  |b Československý spisovatel,  |c 1989 
300 |a 388 s. :  |b obr., fot. ;  |c 31 cm 
500 |a Frontispis 
500 |a 8000 výt. 
500 |a Bibliografie spisovatelů 
650 0 7 |a spisovatelé  |7 ph125911  |z Československo  |2 czenas 
650 0 7 |a spisovatelky  |7 ph125910  |z Československo  |2 czenas 
655 7 |a medailony  |7 fd185951  |2 czenas 
700 1 |a Pohorský, Miloš,  |d 1929-2013  |7 jk01100312  |4 wfw 
700 1 |a Komárek, Vladimír,  |d 1928-2002  |7 jk01061431  |4 ill 
700 1 |a Opletal, Vladimír,  |d 1931-2021  |7 ola200205203  |4 pht 
901 |o 19981103 
910 |a ZLD002 
942 |2 udc 
952 |0 0  |1 0  |4 0  |6 82003MALÁ  |7 0  |8 BOOK  |9 88179  |a UTBZL  |b UTBZL  |c 030  |d 2008-10-13  |l 0  |o 820(03)/MALÁ  |p 420010119422  |r 2019-08-26 00:00:00  |v 35.00  |w 2019-08-26  |x N:převod-Svit; | 20100831  |y 05 
992 |a BK  |b SK 
999 |c 38790  |d 38790